Movies Quiz

Random Movies or Actress Quiz

Movie Cast Match (2013) Quiz Stats

 Plays Quiz Updated Aug 20, 2015

Challenge
Share
Tweet
Embed
Score 0/40 Timer 08:00
20 Plays Today
% Correct
Fast & Furious 6
97.4%
Iron Man 3
94.5%
The Hunger Games: Catching Fire
92.9%
The Hangover Part III
92.5%
Anchorman 2: The Legend Continues
92.3%
The Wolverine
89.9%
The Wolf of Wall Street
89.5%
Grown Ups 2
88.3%
Captain Phillips
87.9%
Dallas Buyers Club
87.5%
American Hustle
87.3%
The Great Gatsby
87.2%
Gravity
87%
Frozen
86.5%
12 Years a Slave
86.4%
A Good Day to Die Hard
86.1%
Thor: The Dark World
85.1%
We're the Millers
84.3%
Jackass Presents: Bad Grandpa
83.7%
Despicable Me 2
82.1%
% Correct
World War Z
81.7%
Star Trek Into Darkness
80.7%
After Earth
80.3%
The Smurfs 2
80.3%
The Heat
80.2%
The Lone Ranger
80.2%
Saving Mr. Banks
78.4%
The Internship
77.7%
Identity Thief
77%
The Secret Life of Walter Mitty
76.9%
Her
76.6%
This Is the End
76.1%
Man of Steel
75.7%
Monsters University
75.6%
Don Jon
73.9%
Oz the Great and Powerful
73.7%
Lee Daniels' The Butler
73.2%
The Hobbit: The Desolation of Smaug
72.7%
Now You See Me
72.1%
Kick-Ass 2
69.9%

You're not logged in!

Compare scores with friends on all Sporcle quizzes.
Join for Free
OR
Log In

You Might Also Like...

Show Comments

Extras

Top Quizzes Today


Score Distribution

Your Account Isn't Verified!

In order to create a playlist on Sporcle, you need to verify the email address you used during registration. Go to your Sporcle Settings to finish the process.

Report this User

Report this user for behavior that violates our Community Guidelines.

Details: